Financial accounting and reporting / (Record no. 2661)

MARC details
000 -LEADER
fixed length control field 02171cam a22004338c 4500
001 - CONTROL NUMBER
control field 24036828
003 - CONTROL NUMBER IDENTIFIER
control field OSt
005 - DATE AND TIME OF LATEST TRANSACTION
control field 20260513103705.0
007 - PHYSICAL DESCRIPTION FIXED FIELD--GENERAL INFORMATION
fixed length control field t|
008 - FIXED-LENGTH DATA ELEMENTS--GENERAL INFORMATION
fixed length control field 250220s2025 enk b 001 0 eng
010 ## - LIBRARY OF CONGRESS CONTROL NUMBER
LC control number 2025002450
020 ## - INTERNATIONAL STANDARD BOOK NUMBER
International Standard Book Number 9781292739137
Qualifying information paperback
035 ## - SYSTEM CONTROL NUMBER
System control number 24036828
035 ## - SYSTEM CONTROL NUMBER
System control number (DLC)24036828
040 ## - CATALOGING SOURCE
Original cataloging agency DLC
Language of cataloging eng
Description conventions rda
Transcribing agency DLC
Modifying agency DLC
-- DLC-MRC
-- MILA_ain
042 ## - AUTHENTICATION CODE
Authentication code pcc
050 00 - LIBRARY OF CONGRESS CALL NUMBER
Classification number HF5636
Item number .E47 2025
100 1# - MAIN ENTRY--PERSONAL NAME
Personal name Elliott, Jamie
Relator term author
Relationship aut
-- http://id.loc.gov/vocabulary/relators/aut
Authority record control number or standard number http://id.loc.gov/authorities/names/nr93038139
Real World Object URI http://id.loc.gov/rwo/agents/nr93038139
245 10 - TITLE STATEMENT
Title Financial accounting and reporting /
Statement of responsibility, etc. Jamie Elliott and Barry Elliott ; updated by Jo Watkins.
250 ## - EDITION STATEMENT
Edition statement Twenty-first edition.
263 ## - PROJECTED PUBLICATION DATE
Projected publication date 2504
264 #1 - PRODUCTION, PUBLICATION, DISTRIBUTION, MANUFACTURE, AND COPYRIGHT NOTICE
Place of production, publication, distribution, manufacture Harlow, United Kingdom :
Name of producer, publisher, distributor, manufacturer Pearson,
Date of production, publication, distribution, manufacture, or copyright notice 2025.
300 ## - PHYSICAL DESCRIPTION
Extent pages cm
336 ## - CONTENT TYPE
Content type term text
Content type code txt
Authority record control number or standard number http://id.loc.gov/vocabulary/contentTypes/txt
337 ## - MEDIA TYPE
Media type term unmediated
Media type code n
Authority record control number or standard number http://id.loc.gov/vocabulary/mediaTypes/n
338 ## - CARRIER TYPE
Carrier type term volume
Carrier type code nc
Authority record control number or standard number http://id.loc.gov/vocabulary/carriers/nc
500 ## - GENERAL NOTE
General note Previous edition: 2022.
504 ## - BIBLIOGRAPHY, ETC. NOTE
Bibliography, etc. note Includes bibliographical references and index.
650 #0 - SUBJECT ADDED ENTRY--TOPICAL TERM
Topical term or geographic name entry element Accounting
Authority record control number or standard number http://id.loc.gov/authorities/subjects/sh85000411
650 #0 - SUBJECT ADDED ENTRY--TOPICAL TERM
Topical term or geographic name entry element Financial statements
Authority record control number or standard number http://id.loc.gov/authorities/subjects/sh85048313
700 1# - ADDED ENTRY--PERSONAL NAME
Personal name Elliott, Barry
Relator term author
Relationship http://id.loc.gov/vocabulary/relators/aut
Real World Object URI http://id.loc.gov/rwo/agents/nr93038137
758 ## - RESOURCE IDENTIFIER
Real World Object URI http://id.loc.gov/resources/instances/24036828
758 ## - RESOURCE IDENTIFIER
Relationship http://id.loc.gov/ontologies/bibframe/instanceOf
Real World Object URI http://id.loc.gov/resources/works/24036828
776 08 - ADDITIONAL PHYSICAL FORM ENTRY
Relationship information Online version
Relationship http://id.loc.gov/entities/relationships/onlineversion
Main entry heading Elliott, Jamie
Title Financial accounting and reporting
Edition Twenty-first edition
Place, publisher, and date of publication Harlow, United Kingdom : Pearson, 2025
International Standard Book Number 9781292739144
Record control number (DLC) 2025002451
884 ## - DESCRIPTION CONVERSION INFORMATION
Conversion process DLC bibframe2marc v2.9.0
Conversion date 20250220125532.0
Conversion agency DLC
Uniform Resource Identifier https://github.com/lcnetdev/bibframe2marc/releases/tag/v2.9.0
906 ## - LOCAL DATA ELEMENT F, LDF (RLIN)
a 7
b cbc
c orignew
d 1
e ecip
f 20
g y-gencatlg
942 ## - ADDED ENTRY ELEMENTS (KOHA)
Source of classification or shelving scheme Library of Congress Classification
Koha item type Book
Holdings
Withdrawn status Lost status Source of classification or shelving scheme Damaged status Not for loan Home library Current library Shelving location Date acquired Source of acquisition Cost, normal purchase price Total Checkouts Full call number Barcode Date last seen Cost, replacement price Price effective from Koha item type
    Library of Congress Classification     MILA University Central Library MILA University Central Library General Stacks 13/05/2026 Emo Book Services Sdn Bhd 179.36   HF5636 .E47 2025 0003622 13/05/2026 179.36 13/05/2026 Book
   
  Powered by CD Solutions Sdn Bhd